El ramo de pensamientos (Record no. 151902)

MARC details
000 -LEADER
campo de control de longitud fija 00835nam a2200181 i 4500
001 - NÚMERO DE CONTROL
campo de control 151902
003 - IDENTIFICADOR DE NÚMERO DE CONTROL
campo de control ES-MaACL
005 - FECHA Y HORA DE LA ÚLTIMA TRANSACCIÓN
campo de control 20250820063044.0
008 - DATOS DE LONGITUD FIJA--INFORMACIÓN GENERAL
campo de control de longitud fija 010126s1895 sp |||| | spa d
040 ## - FUENTE DE CATALOGACIÓN
Centro catalogador/agencia de origen CCPB | B
Lengua de catalogación spa
Centro/agencia transcriptor CCPB | B
100 1# - ENTRADA PRINCIPAL--NOMBRE DE PERSONA
Nombre de persona Benzú, Martí-Miquel, Jaime,
Títulos y otros términos asociados al nombre Marqués de
9 (RLIN) 125921
245 13 - MENCIÓN DEL TÍTULO
Título El ramo de pensamientos
Resto del título : poesias de ilustres poetas extranjeros puestas en rima castellana /
Mención de responsabilidad, etc. Jaime Martí-Miquel, Marqués de Benzú.
260 ## - PUBLICACIÓN, DISTRIBUCIÓN, ETC.
Lugar de publicación, distribución, etc. Madrid :
Nombre del editor, distribuidor, etc. [s.n.],
Fecha de publicación, distribución, etc. 1895 (
Fabricante imprenta de Enrique Teodoro y Alonso á cargo de E. Anglés)
300 ## - DESCRIPCIÓN FÍSICA
Extensión 313 p. ;
Dimensiones 22 cm.
852 ## - LOCALIZACIÓN
Ubicación ES-MaACL
Número de control de estantería T-932-F-5
Nota libre -- Enc. hol., conservando la enc. original
-- -- Enc. en un vol. facticio
-- .- Donat. Biblioteca de Palacio, sello cambio-duplicado de la Biblioteca Real
Holdings
Estatus retirado Estado de pérdida Estado de daño No para préstamo Colección Biblioteca de origen Biblioteca actual Ubicación en estantería Fecha de adquisición Fuente de adquisición Total de préstamos Signatura topográfica completa Código de barras Visto por última vez Precio de reemplazo Tipo de ítem Koha
        Colección de folletos Biblioteca del Ateneo de Madrid Biblioteca del Ateneo de Madrid Depósito folletos 17/01/2008     T-932-F-5 1158549 23/02/2023 23/02/2023 Folleto